Central Library OPAC University of Rajshahi
Normal view MARC view

Entry Personal Name

Number of records used in: 5

001 - CONTROL NUMBER

  • control field: 6696

003 - CONTROL NUMBER IDENTIFIER

  • control field: BD-RjUL

005 - DATE AND TIME OF LATEST TRANSACTION

  • control field: 20230124113433.0

008 - FIXED-LENGTH DATA ELEMENTS

  • fixed length control field: 230124|| aca||aabn | a|a d

040 ## - CATALOGING SOURCE

  • Original cataloging agency: BD-RjUL
  • Transcribing agency: BD-RjUL

100 ## - HEADING--PERSONAL NAME

  • Personal name: ইসলাম, কাজী নজরুল
  • Dates associated with a name: ১৮৯৯-১৯৭৬
  • General subdivision: ব্যাখা ও সমালোচনা

670 ## - SOURCE DATA FOUND

  • Source citation: Work cat.: (BD-RjUL)81123: হোসেন, মাফরুহা 6695, কাজী নজরুল ইসলামের সঙ্গীতে লোক-উপাদান :, ২০০৯